| 000 -LEADER |
| fixed length control field |
00970pab a2200181 454500 |
| 008 - FIXED-LENGTH DATA ELEMENTS--GENERAL INFORMATION |
| fixed length control field |
180718b2009 xxu||||| |||| 00| 0 eng d |
| 100 ## - MAIN ENTRY--PERSONAL NAME |
| Personal name |
Prasad, Bhagwati |
| 245 ## - TITLE STATEMENT |
| Title |
Health care through cooperatives - A case of Yashaswini cooperative rural health care scheme |
| 260 ## - PUBLICATION, DISTRIBUTION, ETC. |
| Date of publication, distribution, etc. |
2009 |
| 300 ## - PHYSICAL DESCRIPTION |
| Extent |
p.144-150. |
| 362 ## - DATES OF PUBLICATION AND/OR SEQUENTIAL DESIGNATION |
| Dates of publication and/or sequential designation |
Jan-Mar |
| 520 ## - SUMMARY, ETC. |
| Summary, etc. |
Punjab was the first state to usher in the Green Revolution through its network of Cooperatives. Gujarat led the White Revolution through its network of cooperative milk unions. Now, Karnataka leads the nation in Healthcare Revolution through its Yashaswini Cooperative Rural Healthcare Scheme." The scheme goes a long way to show that commitment of one individual can work wonders in ameliorating the lot of unorganised and unheard deprived sections of society. - Reproduced. |
| 650 ## - SUBJECT ADDED ENTRY--TOPICAL TERM |
| Topical term or geographic name entry element |
Health services |
| 700 ## - ADDED ENTRY--PERSONAL NAME |
| Personal name |
Turan, M.S. |
| 773 ## - HOST ITEM ENTRY |
| Main entry heading |
Indian Journal of Public Administration |
| 908 ## - PUT COMMAND PARAMETER (RLIN) |
| Put command parameter |
N |
| 909 ## - |
| -- |
82323 |